Statistiques concernant Quiz sur l'Inde

Cliquez ici pour prendre le quiz!

Statistiques générales

  • Ce quiz a été pris 4 207 fois
  • Le résultat moyen est 16 sur 28

Statistiques - réponses

QuestionRéponse% Correct
Industrie du cinéma indienBollywood
93%
Villes les plus peupléesDelhi
93%
Religions les plus courantesHindouisme
92%
Religions les plus courantesIslam
90%
Langues natives les plus parléesHindi
87%
Animal le plus sacré dans la religion #1Vache
87%
Villes les plus peupléesMumbai
85%
Monument le plus célèbre (situé à Agra)Taj Mahal
82%
Sport le plus populaireCricket
80%
Plus haute chaîne de montagnesHimalaya
80%
Dirigeant ayant obtenu l'indépendance de l'IndeMohandas Gandhi
78%
Deux plus longs fleuvesGange
70%
Religions les plus courantesChristianisme
67%
Devise monétaireRoupie
64%
Villes les plus peupléesKolkata
62%
Nombre « inventé » en IndeZéro
60%
Région revendiquée par la Chine et le PakistanCachemire
53%
Dieux principaux de la religion #1Shiva
44%
Animal nationalTigre du Bengale
43%
Titre donné à celui-ci, signifiant « Grande Âme »Mahatma
38%
Langues natives les plus parléesTamoul
37%
Dieux principaux de la religion #1Vishnou
35%
Langues natives les plus parléesBengali
30%
Religions les plus courantesSikhisme
27%
Dieux principaux de la religion #1Brahma
25%
Deux plus longs fleuvesIndus
23%
Langues natives les plus parléesTélougou
12%
Langues natives les plus parléesMarathi
11%

Distribution des résultats

Percentile par nombre de réponses

% des personnes avec chaque résultat

Votre développement - résultats

Vous n’avez pas pris ce quiz